00420nam a2200145Ia 4500008004100000041000900041082001500050100002400065245002400089260003600113300000800149650000800157999001700165952009200182230718s9999 xx 000 0 und d aEng. a346bKHA-F aKhakhak Muniy Ahmad 0afinciples of Equity aPakistanbJafan low book c2007 a311 aLaw c29268d29268 00104070aSIRC-LbSIRC-Ld2023-07-18l0o346 KHA-Fp24219r2023-07-18w2023-07-18yBK